The Burned Man. (Record no. 350853)
[ view plain ]
| 000 -LEADER | |
|---|---|
| fixed length control field | 00695cam a22002651 4500 |
| 001 - CONTROL NUMBER | |
| control field | 6597856 |
| 003 - CONTROL NUMBER IDENTIFIER | |
| control field | OSt |
| 005 - DATE AND TIME OF LATEST TRANSACTION | |
| control field | 20180116183027.0 |
| 008 - FIXED-LENGTH DATA ELEMENTS--GENERAL INFORMATION | |
| fixed length control field | 731129s1966 xx 000 0 eng |
| 010 ## - LIBRARY OF CONGRESS CONTROL NUMBER | |
| LC control number | 66023575 |
| 022 ## - INTERNATIONAL STANDARD SERIAL NUMBER | |
| Source | 0 |
| 035 ## - SYSTEM CONTROL NUMBER | |
| System control number | (OCoLC)751717 |
| 040 ## - CATALOGING SOURCE | |
| Original cataloging agency | DLC |
| Transcribing agency | OCoD |
| Modifying agency | OCoLC |
| -- | DLC |
| 042 ## - AUTHENTICATION CODE | |
| Authentication code | premarc |
| 050 00 - LIBRARY OF CONGRESS CALL NUMBER | |
| Classification number | PZ3.S7544 |
| Item number | Bu |
| Classification number | PS3569.P464 |
| 082 ## - DEWEY DECIMAL CLASSIFICATION NUMBER | |
| Classification number | 813.54 SPI 1966 |
| 100 1# - MAIN ENTRY--PERSONAL NAME | |
| Personal name | Spicer, Bart, |
| Dates associated with a name | 1918- |
| 245 14 - TITLE STATEMENT | |
| Title | The Burned Man. |
| Statement of responsibility, etc. | Spicer, Bart, |
| 250 ## - EDITION STATEMENT | |
| Edition statement | First edition. |
| 260 ## - PUBLICATION, DISTRIBUTION, ETC. | |
| Place of publication, distribution, etc. | New York, |
| Name of publisher, distributor, etc. | Atheneum, |
| Date of publication, distribution, etc. | 1966. |
| 300 ## - PHYSICAL DESCRIPTION | |
| Extent | 247 p. |
| Dimensions | 22cm. |
| Other physical details | PB |
| 440 ## - SERIES STATEMENT/ADDED ENTRY--TITLE | |
| Title | The Burned Man. |
| 906 ## - LOCAL DATA ELEMENT F, LDF (RLIN) | |
| a | 7 |
| b | cbc |
| c | oclcrpl |
| d | u |
| e | ncip |
| f | 19 |
| g | y-gencatlg |
| 942 ## - ADDED ENTRY ELEMENTS (KOHA) | |
| Source of classification or shelving scheme | |
| Koha item type | Book |
| Withdrawn status | Lost status | Source of classification or shelving scheme | Damaged status | Not for loan | Collection code | Permanent Location | Current Location | Shelving location | Date acquired | Total Checkouts | Full call number | Barcode | Date last seen | Price effective from | Koha item type |
|---|---|---|---|---|---|---|---|---|---|---|---|---|---|---|---|
| Damaged | Central Library (CL) | Central Library (CL) | Fiction | 12/15/2015 | 813.54 SPI 1966 | NBSD-2402 | 12/15/2015 | 12/15/2015 | Book |
